| 000 | 00498 a2200169 4500 | ||
|---|---|---|---|
| 005 | 20250429094005.0 | ||
| 020 | _a978-1-4737-2264-4 | ||
| 082 | _a658.049 PEN | ||
| 100 | _aPENG, M. | ||
| 245 | _aInternational Business | ||
| 250 | _a2nd Ed. | ||
| 260 |
_aSingapore, _bAnnabel Ainscow, _c2016. |
||
| 300 |
_axxii, 606p.: ill.; figure, graph, map, picture, table. _bGlossary, index. _c28cm. |
||
| 700 | _aMEYER, K. | ||
| 856 |
_yAccess online book _fBusiness _dwww.cengagebrain.com |
||
| 942 |
_2ddc _cBKS |
||
| 999 |
_c1755 _d1755 |
||